000 00482nam a22001577a 4500
008 160309b xxu||||| |||| 00| 0 eng d
020 _a2-218-01824-1
050 _aPQ2603.U73Z80
100 _aLalande, Bernard
_922850
245 _aLa modification butor
_banalyse critique
_cBernard Lalande
260 _aParis
_bHatier
_c1972
300 _a79p. ;
_c18cm.
440 _aProfile d'une ceuvre
_n26
_922851
650 _aButor,Micheal. La Modification
_922852
942 _2lcc
_cMONOGRAPH
999 _c124348
_d124348